[Event "Berkeley International"]
[Site "Berkeley"]
[Date "2011.01.07"]
[Round "9"]
[White "Carreto Nieto, Giovanni"]
[Black "Milman, Lev"]
[Result "0-1"]
[WhiteElo "2231"]
[BlackElo "2467"]
[PlyCount "74"]
[EventDate "2011.01.02"]
[EventRounds "10"]
[EventCountry "USA"]
[SourceDate "2011.01.03"]

1. e4 c5 2. Nf3 d6 3. d4 cxd4 4. Nxd4 Nf6 5. Nc3 a6 6. Bc4 e6 7. Bb3 Nbd7 8.
Bg5 Nc5 9. f4 Be7 10. Qf3 Qc7 11. O-O-O b5 12. e5 Bb7 13. Qe2 dxe5 14. fxe5 Nd5
15. Bd2 Nxc3 16. Bxc3 Ne4 17. Be1 Qxe5 18. Rf1 O-O 19. g4 Bg5+ 20. Kb1 Bf6 21.
h4 Rfd8 22. g5 Nxg5 23. Qxe5 Bxe5 24. hxg5 Rxd4 25. Ba5 Rxd1+ 26. Rxd1 Bc6 27.
c3 Bf4 28. Rg1 Ra7 29. Bc2 Rd7 30. Bb4 Bc7 31. Bc5 Bf4 32. Bb6 Rd2 33. Rg4 e5
34. Bc5 Bf3 35. Rg1 e4 36. Re1 Rd8 37. Bd4 Bd2 0-1

[Event "Berkeley International"]
[Site "Berkeley"]
[Date "2011.01.07"]
[Round "9"]
[White "Collins, Sam"]
[Black "Haessel, Dale R"]
[Result "1-0"]
[WhiteElo "2436"]
[BlackElo "2198"]
[PlyCount "67"]
[EventDate "2011.01.02"]
[EventRounds "10"]
[EventCountry "USA"]
[SourceDate "2011.01.03"]

1. c4 Nf6 2. g3 c5 3. Bg2 e6 4. Nf3 Be7 5. O-O O-O 6. Nc3 a6 7. b3 Qc7 8. Bb2
b6 9. Rc1 Bb7 10. d4 cxd4 11. Qxd4 d6 12. Rfd1 Nbd7 13. e4 Rac8 14. Qe3 Qb8 15.
Nd4 Rfe8 16. Re1 Bf8 17. Qd2 Qa8 18. Re2 g6 19. Rce1 Bg7 20. h3 Red8 21. Qe3 d5
22. cxd5 exd5 23. exd5 Nxd5 24. Nxd5 Bxd5 25. Nf5 Bxg2 $4 26. Nh6+ Kh8 27.
Nxf7+ Kg8 28. Nh6+ Kh8 29. Bxg7+ Kxg7 30. Qe7+ Kh8 31. Nf7+ Kg8 32. Ng5 Nf8 33.
Qf7+ Kh8 34. Re7 1-0

[Event "Berkeley International"]
[Site "Berkeley"]
[Date "2011.01.07"]
[Round "9"]
[White "Dixon, Dakota"]
[Black "Hills, Kenneth"]
[Result "1/2-1/2"]
[WhiteElo "2063"]
[BlackElo "2161"]
[PlyCount "24"]
[EventDate "2011.01.02"]
[EventRounds "10"]
[EventCountry "USA"]
[SourceDate "2011.01.03"]

1. d4 Nf6 2. Nf3 d6 3. Nc3 g6 4. e4 Bg7 5. Bc4 O-O 6. O-O Bg4 7. h3 Bxf3 8.
Qxf3 Nc6 9. Be3 Nd7 10. Rad1 e5 11. Ne2 Qh4 12. Qg4 Qe7 1/2-1/2

[Event "Berkeley International"]
[Site "Berkeley"]
[Date "2011.01.07"]
[Round "9"]
[White "Friedel, Joshua E"]
[Black "Gareev, Timur"]
[Result "1/2-1/2"]
[WhiteElo "2508"]
[BlackElo "2605"]
[PlyCount "87"]
[EventDate "2011.01.02"]
[EventRounds "10"]
[EventCountry "USA"]
[SourceDate "2011.01.03"]

1. e4 e5 2. Nf3 Nc6 3. Bb5 a6 4. Ba4 Nf6 5. O-O Be7 6. Re1 b5 7. Bb3 O-O 8. c3
d6 9. h3 Nb8 10. d4 Nbd7 11. Nbd2 Bb7 12. Bc2 Re8 13. a4 Bf8 14. Bd3 c6 15. b3
Nh5 16. Bf1 g6 17. b4 Rc8 18. Qb3 Nf4 19. axb5 cxb5 20. g3 Ne6 21. d5 Nc7 22.
h4 Nb6 23. Bh3 Rb8 24. Nf1 Bc8 25. Bxc8 Qxc8 26. Ne3 f5 27. h5 fxe4 28. Ng5 Be7
29. Nxe4 gxh5 30. Ra2 Kh8 31. Qd1 Rg8 32. Qxh5 Nbxd5 33. Nxd5 Nxd5 34. Qf7 Qb7
35. Rd1 Nf4 36. Bxf4 Qxe4 37. Qxe7 Qxf4 38. Qxd6 Rbf8 39. Qd5 Rg5 40. Re2 h5
41. Kh2 Qg4 42. Qc5 Rgf5 43. Qe3 Qxe2 44. Qh6+ 1/2-1/2

[Event "Berkeley International"]
[Site "Berkeley"]
[Date "2011.01.07"]
[Round "9"]
[White "Gupta, Ankit"]
[Black "Gaffagan, Steven"]
[Result "1/2-1/2"]
[WhiteElo "2258"]
[BlackElo "1995"]
[PlyCount "96"]
[EventDate "2011.01.02"]
[EventRounds "10"]
[EventCountry "USA"]
[SourceDate "2011.01.03"]

1. Nf3 Nf6 2. c4 e6 3. g3 b6 4. Bg2 Bb7 5. O-O Be7 6. b3 O-O 7. Bb2 c5 8. Qc2
Nc6 9. Na3 d5 10. Rad1 Rc8 11. Qb1 Re8 12. Ng5 h6 13. Nh3 d4 14. e3 e5 15. f4
exf4 16. Nxf4 Rc7 17. Nb5 Rd7 18. exd4 Nxd4 19. Bxb7 Rxb7 20. Nxd4 cxd4 21. Qf5
Bc5 22. a3 a5 23. Nd3 Qc8 24. b4 axb4 25. axb4 Be7 26. Qb5 Rd8 27. Rde1 Bd6 28.
Nf2 Qc7 29. Ne4 Be7 30. d3 Qd7 31. Nxf6+ Bxf6 32. Qxd7 Rdxd7 33. Re4 Bg5 34.
Ra1 Be3+ 35. Kg2 f5 36. Re6 Kf7 37. Rc6 Ra7 38. Rb1 Rdb7 39. Kf1 Ra4 40. Bc1
Bxc1 41. Rxc1 Rxb4 42. Rc2 Rb3 43. Rd2 b5 44. Rf2 g6 45. g4 Rxd3 46. gxf5 gxf5
47. Rxf5+ Kg7 48. cxb5 Rb3 1/2-1/2

[Event "Berkeley International"]
[Site "Berkeley"]
[Date "2011.01.07"]
[Round "9"]
[White "Gurevich, Daniel"]
[Black "Coleman, Teddy"]
[Result "1-0"]
[WhiteElo "2078"]
[BlackElo "2282"]
[PlyCount "51"]
[EventDate "2011.01.02"]
[EventRounds "10"]
[EventCountry "USA"]
[SourceDate "2011.01.03"]

1. e4 c5 2. Nc3 e6 3. f4 d6 4. Nf3 Nf6 5. Bb5+ Bd7 6. Bxd7+ Nbxd7 7. d3 Be7 8.
O-O Qc7 9. Qe2 O-O 10. e5 dxe5 11. fxe5 Nd5 12. Nxd5 exd5 13. e6 Nb6 14. Ng5
Bxg5 15. Bxg5 f6 16. e7 Rfe8 17. Qe6+ Kh8 18. Bxf6 Qc6 19. Bxg7+ Kxg7 20. Rf7+
Kg8 21. Rf8+ Kg7 22. Qf7+ Kh6 23. Re1 Rxf8 24. exf8=Q+ Rxf8 25. Qxf8+ Kg6 26.
Qg8+ 1-0

[Event "Berkeley International"]
[Site "Berkeley"]
[Date "2011.01.07"]
[Round "9"]
[White "Hess, Robert L"]
[Black "Kiewra, Keaton F"]
[Result "0-1"]
[WhiteElo "2572"]
[BlackElo "2337"]
[PlyCount "110"]
[EventDate "2011.01.02"]
[EventRounds "10"]
[EventCountry "USA"]
[SourceDate "2011.01.03"]

1. e4 c5 2. Nf3 d6 3. d4 cxd4 4. Nxd4 Nf6 5. Nc3 g6 6. Be3 Bg7 7. f3 O-O 8. Qd2
Nc6 9. O-O-O Nxd4 10. Bxd4 Be6 11. h4 Qa5 12. Qg5 b5 13. h5 Rab8 14. hxg6 fxg6
15. Bd3 Bxa2 16. e5 dxe5 17. Bxe5 Bf7 18. Ne4 Nxe4 19. fxe4 b4 20. Qh4 h5 21.
Bxg7 Kxg7 22. e5 Qa1+ 23. Kd2 Qxb2 24. Qg5 Rbd8 25. Rxh5 Rxd3+ 26. Kxd3 Qc3+
27. Ke4 Qxc2+ 28. Ke3 Qc5+ 29. Ke4 Qc2+ 30. Ke3 Bc4 31. Qh6+ Kf7 32. Qf4+ Ke8
33. Rd8+ Kxd8 34. Qxf8+ Kd7 35. e6+ Bxe6 36. Ra5 Qc3+ 37. Kf2 Qd4+ 38. Kg3 b3
39. Qf3 Qd6+ 40. Qf4 Qxf4+ 41. Kxf4 Bf5 42. Rb5 Bc2 43. Ke3 Kc6 44. Rb8 Kc7 45.
Rb4 a5 46. Rc4+ Kb6 47. Kd2 Kb5 48. Rc7 Kb4 49. Rb7+ Ka3 50. Kc3 a4 51. Rxe7
Ka2 52. Re2 b2 53. Rxc2 a3 54. Kd2 Kb1 55. Kc3 Ka1 0-1

[Event "Berkeley International"]
[Site "Berkeley"]
[Date "2011.01.07"]
[Round "9"]
[White "Holt, Conrad"]
[Black "Sipos, Istvan"]
[Result "1-0"]
[WhiteElo "2388"]
[BlackElo "2409"]
[PlyCount "81"]
[EventDate "2011.01.02"]
[EventRounds "10"]
[EventCountry "USA"]
[SourceDate "2011.01.03"]

1. d4 Nf6 2. c4 c5 3. d5 e6 4. Nc3 exd5 5. cxd5 d6 6. e4 g6 7. h3 Bg7 8. Nf3 a6
9. a4 Nbd7 10. Bd3 Nh5 11. O-O Ne5 12. Be2 Nxf3+ 13. Bxf3 Qh4 14. Ra3 Be5 15.
Re1 Nf4 16. a5 Bd7 17. Na4 Nxh3+ 18. gxh3 Qxh3 19. Bg2 Qh2+ 20. Kf1 Bb5+ 21.
Re2 Qh4 22. Rh3 Qf6 23. Nb6 Rd8 24. Kg1 h5 25. Rc2 Bd7 26. Nxd7 Kxd7 27. Rf3
Qe7 28. Rc4 Ke8 29. Qc2 g5 30. Rf5 g4 31. b4 cxb4 32. Rc7 Rd7 33. Rc8+ Rd8 34.
Bg5 f6 35. Rc7 Rd7 36. Qa4 Kd8 37. Rxe5 Rxc7 38. Rxe7 Kxe7 39. Be3 Rc4 40. Bf1
Rxe4 41. Qc2 1-0

[Event "Berkeley International"]
[Site "Berkeley"]
[Date "2011.01.07"]
[Round "9"]
[White "Kavutskiy, Konstantin"]
[Black "Liou, Yian"]
[Result "1/2-1/2"]
[WhiteElo "2170"]
[BlackElo "2285"]
[PlyCount "106"]
[EventDate "2011.01.02"]
[EventRounds "10"]
[EventCountry "USA"]
[SourceDate "2011.01.03"]

1. d4 d5 2. c4 c6 3. Nf3 Nf6 4. Nc3 a6 5. Qb3 e6 6. g3 Nbd7 7. Bg2 Be7 8. O-O
O-O 9. Bf4 b6 10. cxd5 cxd5 11. Rac1 Bb7 12. Na4 b5 13. Bc7 Qe8 14. Rc2 Rc8 15.
Rfc1 Ba8 16. Qd3 bxa4 17. Qxa6 a3 18. b3 Ne4 19. e3 Bb4 20. Bf1 Ndf6 21. Qb6
Qe7 22. Ba6 Nd7 23. Qa7 Rce8 24. Bb5 f6 25. Qa4 Nc3 26. Rxc3 Bxc3 27. Bxd7 Bb2
28. Rc5 e5 29. Bxe8 Qxe8 30. Qxe8 Rxe8 31. dxe5 d4 32. Nxd4 fxe5 33. Bxe5 Be4
34. f4 Re7 35. Ra5 Rd7 36. Nb5 Rd1+ 37. Kf2 Bc1 38. Bc3 Rh1 39. Nd6 Rxh2+ 40.
Ke1 Bf3 41. Re5 h5 42. Re7 Re2+ 43. Kf1 Rxa2 44. Rxg7+ Kf8 45. Rf7+ Kg8 46. Re7
Bc6 47. Rc7 Bg2+ 48. Ke1 Bd5 49. f5 Kf8 50. f6 Kg8 51. f7+ Bxf7 52. Rxf7 Rc2
53. Rg7+ Kf8 1/2-1/2

[Event "Berkeley International"]
[Site "Berkeley"]
[Date "2011.01.07"]
[Round "9"]
[White "Kraai, Jesse"]
[Black "Yankovsky, Roman"]
[Result "1/2-1/2"]
[WhiteElo "2516"]
[BlackElo "2359"]
[PlyCount "75"]
[EventDate "2011.01.02"]
[EventRounds "10"]
[EventCountry "USA"]
[SourceDate "2011.01.03"]

1. Nf3 Nf6 2. d4 e6 3. g3 d5 4. Bg2 c5 5. O-O Nc6 6. c4 dxc4 7. Ne5 Bd7 8. Na3
cxd4 9. Naxc4 Nxe5 10. Nxe5 Qb6 11. Nxd7 Nxd7 12. Qa4 Rd8 13. Bd2 Bc5 14. b3
Qa6 15. Qxa6 bxa6 16. Bb7 Nb8 17. Rac1 Bb6 18. a4 d3 19. exd3 Rxd3 20. Rc8+ Rd8
21. Rfc1 Ke7 22. Bb4+ Kf6 23. a5 Bd4 24. R8c7 Rd7 25. Rxd7 Nxd7 26. Rc7 Ne5 27.
Kg2 g5 28. Bxa6 g4 29. Be7+ Kg7 30. Bc5 Rd8 31. Bxa7 Bxa7 32. Rxa7 Rd1 33. h3
h5 34. hxg4 hxg4 35. Bb7 Rb1 36. a6 Rxb3 37. Bc8 Kf6 38. Rb7 1/2-1/2

[Event "Berkeley International"]
[Site "Berkeley"]
[Date "2011.01.07"]
[Round "9"]
[White "Panchanathan, Magesh"]
[Black "Rensch, Daniel"]
[Result "1-0"]
[WhiteElo "2537"]
[BlackElo "2393"]
[PlyCount "81"]
[EventDate "2011.01.02"]
[EventRounds "10"]
[EventCountry "USA"]
[SourceDate "2011.01.03"]

1. Nf3 Nf6 2. g3 c5 3. c4 Nc6 4. Bg2 e6 5. O-O Be7 6. Nc3 d5 7. cxd5 Nxd5 8. d4
Nxc3 9. bxc3 O-O 10. Be3 Qc7 11. Rb1 b6 12. dxc5 Bxc5 13. Bf4 e5 14. Nxe5 Nxe5
15. Bxa8 Bf5 16. Qd5 Bxb1 17. Bxe5 Qd8 18. Rxb1 Qxa8 19. Rd1 Qe8 20. e4 h6 21.
Kg2 Qa4 22. Rd3 Re8 23. Bd4 Re6 24. e5 Bf8 25. Rd2 Qc6 26. Qxc6 Rxc6 27. Kf3
Rc4 28. Ke4 Kh7 29. f4 Ba3 30. f5 Kg8 31. g4 Kf8 32. h4 Ke7 33. Rg2 Rc8 34. g5
hxg5 35. Rxg5 Rh8 36. Rxg7 Rxh4+ 37. Kd5 Kf8 38. Rg2 Ke7 39. Rg8 Bc5 40. f6+
Kd7 41. Ra8 1-0

[Event "Berkeley International"]
[Site "Berkeley"]
[Date "2011.01.07"]
[Round "9"]
[White "Pruess, David"]
[Black "Cornejo, Max"]
[Result "0-1"]
[WhiteElo "2377"]
[BlackElo "2413"]
[PlyCount "74"]
[EventDate "2011.01.02"]
[EventRounds "10"]
[EventCountry "USA"]
[SourceDate "2011.01.03"]

1. d4 d5 2. c4 e6 3. Nc3 c5 4. cxd5 exd5 5. Nf3 Nc6 6. Bf4 Nf6 7. e3 c4 8. Be2
Bb4 9. O-O Bf5 10. Ne5 Qa5 11. f3 O-O 12. e4 Bxc3 13. bxc3 dxe4 14. Bxc4 Qxc3
15. Nxc6 bxc6 16. Rc1 Qa3 17. Be5 Nd5 18. fxe4 Bxe4 19. Qg4 Bg6 20. Bb3 Qe7 21.
Rxc6 Rad8 22. Qf3 (22. Qg3 $1) 22... Nb4 23. Rxg6 $6 (23. Rc7) 23... hxg6 24.
a3 $2 Nd3 $1 25. Qxd3 Qxe5 26. d5 Rd6 27. h3 Re8 28. Rf3 Qa1+ 29. Kh2 Re1 30.
Qc3 Qxc3 31. Rxc3 Ra1 32. a4 Ra3 33. Rc8+ Kh7 34. Rb8 Rb6 35. Rxb6 axb6 36. Bc2
Rc3 37. Bb1 Rc4 0-1

[Event "Berkeley International"]
[Site "Berkeley"]
[Date "2011.01.07"]
[Round "9"]
[White "Ravichandran, Siddharth"]
[Black "Pamatmat, Jarod John Munda"]
[Result "1-0"]
[WhiteElo "2458"]
[BlackElo "2100"]
[PlyCount "73"]
[EventDate "2011.01.02"]
[EventRounds "10"]
[EventCountry "USA"]
[SourceDate "2011.01.03"]

1. e4 e6 2. d4 d5 3. Nc3 Bb4 4. e5 b6 5. Qg4 Bf8 6. Bg5 Qd7 7. Bd3 Ba6 8. Bxa6
Nxa6 9. Nge2 Nb4 10. Rc1 c5 11. O-O Ne7 12. Rfd1 Nf5 13. dxc5 bxc5 14. Ng3 Nd4
15. Nh5 Nbc6 16. Bf6 Nf5 17. Ne4 Rg8 18. Bxg7 O-O-O 19. Nef6 Nxe5 20. Qxf5 exf5
21. Nxd7 Bxg7 22. Ndf6 Bxf6 23. Nxf6 Rg6 24. Nxd5 Re8 25. Kf1 Rge6 26. Nf4 R6e7
27. Rd5 c4 28. h3 Kc7 29. Rcd1 Rb8 30. b3 cxb3 31. cxb3 Rb4 32. Rxe5 Rxe5 33.
Nd5+ Rxd5 34. Rxd5 Re4 35. Rxf5 Re7 36. Rf6 Kd8 37. Rh6 1-0

[Event "Berkeley International"]
[Site "Berkeley"]
[Date "2011.01.07"]
[Round "9"]
[White "Ris, Robert"]
[Black "Sandberg, Evan"]
[Result "1-0"]
[WhiteElo "2418"]
[BlackElo "2173"]
[PlyCount "53"]
[EventDate "2011.01.02"]
[EventRounds "10"]
[EventCountry "USA"]
[SourceDate "2011.01.03"]

1. d4 d5 2. c4 c6 3. Nf3 Nf6 4. e3 e6 5. b3 Nbd7 6. Bb2 Bd6 7. Bd3 O-O 8. O-O
Qc7 9. Nc3 dxc4 10. bxc4 e5 11. Qc2 Re8 12. Ne4 Nxe4 13. Bxe4 h6 14. c5 Bf8 15.
Nxe5 Nxe5 16. dxe5 Be6 17. f4 Qa5 18. Bd4 Rac8 19. f5 Bd7 20. e6 fxe6 21. f6
gxf6 22. Bh7+ Kh8 23. Bxf6+ Bg7 24. Bxg7+ Kxg7 25. Qg6+ Kh8 26. Bg8 Re7 27. Bf7
1-0

[Event "Berkeley International"]
[Site "Berkeley"]
[Date "2011.01.07"]
[Round "9"]
[White "Shivaji, Shivkumar"]
[Black "Troff, Kayden"]
[Result "1-0"]
[WhiteElo "2303"]
[BlackElo "2247"]
[Annotator "Shivkumar"]
[PlyCount "237"]
[EventDate "2011.01.02"]
[EventRounds "10"]
[EventCountry "USA"]
[SourceDate "2011.01.03"]

1. e4 c5 2. Nf3 g6 3. c3 Bg7 4. d4 cxd4 5. cxd4 d5 6. e5 Nc6 7. Bb5 Bg4 8. Nbd2
e6 9. Bxc6+ bxc6 10. Qa4 Qd7 11. h3 Bxf3 12. Nxf3 Bf8 13. b4 (13. O-O $5 c5 14.
Qxd7+ Kxd7 15. dxc5 Bxc5 16. Bd2 Ne7 17. b4 Bb6 18. a4 Rhc8 $14 {But black
should be able to defend} (18... a6 19. Rfc1)) 13... h5 14. O-O Rb8 15. Bd2 Rb6
16. Rfc1 Qb7 17. a3 Nh6 18. Rc3 Kd7 19. Rac1 a6 20. Ng5 Be7 21. Rf3 Ke8 22. Qc2
Nf5 23. Rd3 (23. Nxf7 Kxf7 24. g4 hxg4 25. hxg4 $11) 23... h4 24. Nf3 Kd7 25.
Bg5 Bf8 26. Qd2 Rh5 27. Bf4 (27. Nh2) 27... Be7 28. Qe2 Qa7 29. Bd2 Rh8 30. Bg5
Bf8 31. Nh2 Rh5 32. Bd2 Be7 33. Ng4 a5 34. Nf6+ (34. bxa5 $1 $16 Rb2 35. Qd1
Nxd4 $2 36. Be3 c5 37. Rxd4 $18) 34... Bxf6 35. exf6 Rb7 36. Rc5 axb4 37. Bxb4
Nd6 38. Ra5 Qb8 39. Rc3 Rb5 40. Ra6 Nc4 41. Qc2 Qb7 42. Ra4 Rf5 43. Qc1 g5 44.
Rc2 Nb6 45. Ra5 Rxa5 46. Bxa5 Nc4 47. Bb4 Qb8 48. Bc5 Rxf6 49. Qxg5 Qf4 50.
Qxf4 (50. Qg7 Qf5 51. Qf8 Qxc2 52. Qe7+ Kc8 $11) 50... Rxf4 51. a4 Kc7 52. Re2
Rf6 (52... e5 $5 53. dxe5 d4) 53. g3 Rh6 54. Kg2 Rh8 55. Be7 hxg3 56. fxg3 Ra8
57. Ra2 Kd7 58. Bf6 Nd6 59. a5 Ne4 60. Be5 f6 61. Bf4 c5 62. dxc5 Nxc5 63. Be3
Na6 64. Rb2 Rb8 65. Bb6 (65. Rxb8 Nxb8 66. h4 e5 67. h5 Ke6 68. g4 $14 {
Good winning chances for white} d4 (68... Na6) 69. Bc1 e4) 65... Rc8 66. h4 e5
67. h5 Ke6 68. Ba7 Kf5 69. Rb6 Nc5 70. Rb5 Ne4 71. Rxd5 Rc2+ 72. Kf3 Rc3+ 73.
Be3 Nxg3 74. h6 Kg6 75. Rd7 Nf5 76. h7 Rxe3+ 77. Kg2 Re2+ 78. Kg1 Re1+ 79. Kg2
Re2+ 80. Kg1 Re1+ 81. Kf2 Rh1 82. a6 Rh2+ 83. Kg1 Rxh7 84. Rxh7 Kxh7 85. a7 Kg6
86. a8=Q Ng7 87. Qe4+ Kf7 88. Kf2 Ne8 89. Qh7+ Ke6 90. Qg8+ Ke7 91. Ke3 Nd6 92.
Qd5 Kd7 93. Kf3 Ke7 94. Kg4 e4 95. Kf4 Kd7 96. Qb3 Ke7 97. Qg8 Kd7 98. Qg4+ Ke7
99. Qh3 Nf7 100. Qh7 e3 101. Qe4+ Kd7 102. Qxe3 Nd6 103. Qh3+ Ke7 104. Qg4 Nf7
105. Qg8 Nd6 106. Qd5 Kd7 107. Kg4 Ke7 108. Kh5 Nf7 109. Kg6 Ne5+ 110. Kf5 Nd7
111. Qe6+ Kd8 112. Qd6 Ke8 113. Ke6 Nf8+ 114. Kxf6 Nd7+ 115. Kg7 Kd8 116. Kf7
Kc8 117. Qc6+ Kd8 118. Ke6 Nb8 119. Qb7 1-0

[Event "Berkeley International"]
[Site "Berkeley"]
[Date "2011.01.07"]
[Round "9"]
[White "Shmeliov, Denis"]
[Black "Erenburg, Sergey"]
[Result "1-0"]
[WhiteElo "2357"]
[BlackElo "2600"]
[PlyCount "65"]
[EventDate "2011.01.02"]
[EventRounds "10"]
[EventCountry "USA"]
[SourceDate "2011.01.03"]

1. d4 d5 2. c4 c6 3. Nf3 Nf6 4. e3 a6 5. a4 e6 6. Nc3 c5 7. Bd3 Nc6 8. O-O cxd4
9. exd4 Nb4 10. c5 b6 11. cxb6 Nxd3 12. Qxd3 Qxb6 13. Bf4 Bb4 14. Ne5 Bb7 15.
a5 Qd8 16. Na4 Qxa5 17. Rfc1 Qd8 18. Nxf7 Kxf7 19. Rc7+ Qxc7 20. Bxc7 Bc6 21.
Nc5 Bb5 22. Qh3 Bxc5 23. dxc5 Rac8 24. Bd6 d4 25. Re1 Rhe8 26. g4 h6 27. f4 d3
28. g5 d2 29. Rd1 Ne4 30. gxh6 Be2 31. Qg2 Rg8 32. Qxe2 gxh6+ 33. Kf1 1-0

[Event "Berkeley International"]
[Site "Berkeley"]
[Date "2011.01.07"]
[Round "9"]
[White "Uesugi, Shinsaku"]
[Black "Santic, Berislav"]
[Result "0-1"]
[WhiteElo "2331"]
[BlackElo "2259"]
[PlyCount "80"]
[EventDate "2011.01.02"]
[EventRounds "10"]
[EventCountry "USA"]
[SourceDate "2011.01.03"]

1. Nf3 d6 2. d4 g6 3. b3 Bg7 4. Bb2 Nf6 5. g3 O-O 6. Bg2 Nbd7 7. O-O e5 8. e3
e4 9. Nfd2 Re8 10. c4 Nf8 11. Nc3 Bf5 12. f3 exf3 13. Qxf3 c6 14. h3 Ne6 15. g4
Bd3 16. Rf2 Ng5 17. Qf4 Ne6 18. Qg3 d5 19. cxd5 cxd5 20. h4 h6 21. Qf3 Rc8 22.
Nxd5 Nxd5 23. Qxd5 Qxh4 24. Qd7 Qe7 25. Qxb7 Rc7 26. Qd5 Rc2 27. Nf1 Rxf2 28.
Kxf2 Qh4+ 29. Kg1 Ng5 30. Rd1 Bxf1 31. Rxf1 Rxe3 32. Bc1 Rd3 33. Bxg5 hxg5 34.
Qxf7+ Kh8 35. Qe8+ Kh7 36. Rf7 Rd1+ 37. Bf1 Kh6 38. Qe4 Rxd4 39. Qe7 Qg3+ 40.
Kh1 Rxg4 0-1

[Event "Berkeley International"]
[Site "Berkeley"]
[Date "2011.01.07"]
[Round "9"]
[White "Zepeda, Lorena"]
[Black "Gutman, Joshua"]
[Result "1-0"]
[WhiteElo "2202"]
[BlackElo "2124"]
[PlyCount "73"]
[EventDate "2011.01.02"]
[EventRounds "10"]
[EventCountry "USA"]
[SourceDate "2011.01.03"]

1. e4 c5 2. Nf3 d6 3. d4 cxd4 4. Nxd4 Nf6 5. Nc3 Nc6 6. Bc4 Qb6 7. Nb3 e6 8.
Bf4 Ne5 9. Be2 Be7 10. Qd2 a6 11. f3 O-O 12. O-O-O Qc7 13. g4 b5 14. g5 Nh5 15.
Be3 Rb8 16. f4 Nc4 17. Qd3 Nxe3 18. Qxe3 b4 19. Nb1 g6 20. Bxh5 gxh5 21. Rhe1
a5 22. Nd4 Bd7 23. Qh3 Rfc8 24. Rd2 Bf8 25. f5 e5 26. Nf3 d5 27. exd5 b3 28.
axb3 Rxb3 29. c3 Bg7 30. Nh4 Qc4 31. Qg3 Rb4 32. f6 Bf8 33. Ng2 Bd6 34. Ne3 Qf4
35. Rf2 Qxg3 36. hxg3 Ra4 37. Kc2 {Black lost on time} 1-0

[Event "Berkeley International"]
[Site "Berkeley"]
[Date "2011.01.08"]
[Round "10"]
[White "Bachmann, Axel"]
[Black "Evans, Bela"]
[Result "1-0"]
[WhiteElo "2548"]
[BlackElo "2262"]
[PlyCount "137"]
[EventDate "2011.01.02"]
[EventRounds "10"]
[EventCountry "USA"]
[SourceDate "2011.01.03"]

1. e4 e6 2. Qe2 Nf6 3. e5 Nd5 4. g3 d6 5. Nf3 Be7 6. Bg2 dxe5 7. Nxe5 Nd7 8. d4
O-O 9. O-O Rb8 10. c4 N5b6 11. Rd1 Nxe5 12. dxe5 Qe8 13. Nc3 Bd7 14. Qg4 Kh8
15. b3 Bc6 16. Ne4 Nd7 17. Bb2 Bxe4 (17... Nc5 18. Nf6 $1) 18. Qxe4 Nc5 19. Qe3
a5 20. h4 Rd8 21. Bd4 b6 22. Rd2 Na6 23. a3 h6 24. Be4 Nc5 25. Bc2 Ra8 26. Rad1
a4 27. b4 Nb3 28. Qd3 g6 29. Bxb3 axb3 30. Qxb3 Qa4 31. Qxa4 Rxa4 32. Be3 Rxa3
33. Rd7 Rxe3 34. fxe3 Bxb4 35. Rxc7 Bc5 36. Kf2 h5 37. Rdd7 Kg8 38. Kf3 Kg7 39.
Ke4 Kg8 40. Ra7 Kg7 41. Ra1 Re8 42. Raa7 Rf8 43. Kd3 Kg8 44. Ra1 Re8 45. Rf1
Re7 46. Rxe7 Bxe7 47. Ra1 Kg7 48. Ra8 Bc5 49. Rc8 g5 50. hxg5 Kh7 51. Rc7 Kg6
52. Rb7 Kg7 53. Ke4 Kg6 54. Kf3 Kg7 55. g4 hxg4+ 56. Kxg4 Kg6 57. Kf3 Kg7 58.
Ke4 Kg6 59. Kd3 Kg7 60. e4 Kg6 61. Kc3 Be3 62. Kb4 Bd2+ 63. Kb5 Bxg5 64. Kxb6
Bf4 65. c5 Bxe5 66. c6 f5 67. exf5+ exf5 68. Kc5 Kg5 69. Kd5 1-0

[Event "Berkeley International"]
[Site "Berkeley"]
[Date "2011.01.08"]
[Round "10"]
[White "Cornejo, Max"]
[Black "Hess, Robert L"]
[Result "1/2-1/2"]
[WhiteElo "2413"]
[BlackElo "2572"]
[PlyCount "76"]
[EventDate "2011.01.02"]
[EventRounds "10"]
[EventCountry "USA"]
[SourceDate "2011.01.03"]

1. e4 e5 2. Nf3 Nc6 3. Nc3 Nf6 4. d4 exd4 5. Nxd4 Bb4 6. Nxc6 bxc6 7. Bd3 O-O
8. O-O d5 9. exd5 cxd5 10. Bg5 c6 11. Qf3 Bd6 12. Bxf6 Qxf6 13. Qxf6 gxf6 14.
Ne2 Rb8 15. b3 Rb4 16. c3 Rb6 17. Rad1 a5 18. c4 Re8 19. cxd5 cxd5 20. Nd4 Bg4
21. Rde1 Re5 22. h3 Bd7 23. Nf3 Rh5 24. Rd1 Rb4 25. Be2 Re4 26. Rd2 Bb4 27. Rc2
Re7 28. Bd3 Be6 29. Rd1 Kg7 30. Kf1 Bd7 31. Re2 Re6 32. Rc1 Bd6 33. Nd4 Ree5
34. Nf3 Re6 35. Rcc2 Kf8 36. Nd4 Ree5 37. Nf3 Re6 38. Nd4 Ree5 1/2-1/2

[Event "Berkeley International"]
[Site "Berkeley"]
[Date "2011.01.08"]
[Round "10"]
[White "Erenburg, Sergey"]
[Black "Gareev, Timur"]
[Result "1-0"]
[WhiteElo "2600"]
[BlackElo "2605"]
[PlyCount "123"]
[EventDate "2011.01.02"]
[EventRounds "10"]
[EventCountry "USA"]
[SourceDate "2011.01.03"]

1. e4 e5 2. Nf3 Nc6 3. Bb5 a6 4. Bxc6 dxc6 5. O-O f6 6. d4 Bg4 7. dxe5 Qxd1 8.
Rxd1 fxe5 9. Nbd2 Rd8 10. Re1 Bd6 11. h3 Bh5 12. g4 Bf7 13. Ng5 Ne7 14. Nxf7
Kxf7 15. Nf3 Ng6 16. Be3 Be7 17. Kg2 Ke6 18. Rad1 Rdf8 19. Rd2 Rf7 20. Red1
Rhf8 21. Ne1 Bh4 22. Nd3 Be7 23. Nc5+ Bxc5 24. Bxc5 Rc8 25. Rd8 Rxd8 26. Rxd8
b6 27. Be3 Rf8 28. Rd3 Nh8 29. Rc3 Kd7 30. Rd3+ Ke6 31. b4 Nf7 32. f4 exf4 33.
Bxf4 Nd6 34. Bxd6 cxd6 35. Ra3 Ra8 36. Kf3 Ke5 37. Ke3 a5 38. bxa5 Ra6 39. c3
b5 40. Kd3 c5 41. c4 b4 42. Ra4 g5 43. Kc2 Kf4 44. Kb3 Kg3 45. a3 bxa3 46. Rxa3
Kxh3 47. Ka4+ Kxg4 48. Kb5 Ra8 49. Kc6 h5 50. Kb7 Rh8 51. a6 h4 (51... Kf4) 52.
a7 h3 53. a8=Q Rxa8 54. Rxa8 Kf3 55. Kc6 Kxe4 56. Kxd6 Kd4 57. Rg8 h2 58. Rh8
Kxc4 59. Ke5 Kd3 60. Rh3+ Kd2 61. Ke4 h1=Q+ 62. Rxh1 1-0

[Event "Berkeley International"]
[Site "Berkeley"]
[Date "2011.01.08"]
[Round "10"]
[White "Gutman, Joshua"]
[Black "Rumph, Todd"]
[Result "0-1"]
[WhiteElo "2124"]
[BlackElo "2165"]
[PlyCount "48"]
[EventDate "2011.01.02"]
[EventRounds "10"]
[EventCountry "USA"]
[SourceDate "2011.01.03"]

1. d4 d5 2. Nf3 Nf6 3. c4 dxc4 4. e3 e6 5. Bxc4 a6 6. O-O b5 7. Be2 Bb7 8. a4
b4 9. Ne5 c5 10. dxc5 Qxd1 11. Rxd1 Bxc5 12. Bd2 Nbd7 13. Nd3 a5 14. Nxc5 Nxc5
15. Bb5+ Ke7 16. Be1 Nb3 17. Ra2 Rac8 18. f3 Rhd8 19. Rxd8 Rxd8 20. Kf2 Rd1 21.
Nc3 bxc3 22. Bxc3 Nd5 23. Be1 Rxe1 24. Kxe1 Nb4 0-1

[Event "Berkeley International"]
[Site "Berkeley"]
[Date "2011.01.08"]
[Round "10"]
[White "Haessel, Dale R"]
[Black "Lee, Andy C"]
[Result "1-0"]
[WhiteElo "2198"]
[BlackElo "2271"]
[PlyCount "73"]
[EventDate "2011.01.02"]
[EventRounds "10"]
[EventCountry "USA"]
[SourceDate "2011.01.03"]

1. d4 Nf6 2. c4 g6 3. Nf3 Bg7 4. g3 O-O 5. Bg2 d6 6. Nc3 Nc6 7. O-O a6 8. Qd3
Rb8 9. d5 Nb4 10. Qd1 a5 11. a3 Na6 12. e4 e5 13. dxe6 Bxe6 14. Nd2 Ng4 15. Qc2
c6 16. b3 b5 17. h3 bxc4 18. Nxc4 a4 19. Bb2 axb3 20. Qe2 Nh6 21. Rfd1 Nc5 22.
Nxd6 Qa5 23. e5 Nd7 24. f4 Nf5 25. Nce4 Nxd6 26. Rxd6 Nb6 27. Rxc6 Na4 28. Ra6
Qxa6 29. Qxa6 Nxb2 30. Rb1 Nc4 31. Nc5 Nd2 32. Rb2 Bc4 33. Qa4 Rfd8 34. Nb7 Rd4
35. Qa7 Rbd8 36. Nxd8 Rxd8 37. Qa5 1-0